000 01362nam a2200349Ia 4500
001 ebr10218015
003 CaPaEBR
006 m u
007 cr cn|||||||||
008 060412s2005 cau fsb 001 0 eng d
010 _z 2005904555
020 _z9781847877185 (ebook)
020 _z0761967427 (hbk.)
020 _z9780761967422 (hbk.)
020 _z0761967435 (pbk.)
020 _z9780761967439 (pbk.)
040 _aCaPaEBR
_cCaPaEBR
035 _a(OCoLC)276373344
050 1 4 _aLB2805
_b.H7167 2005eb
100 1 _aHoyle, Eric.
245 1 0 _aEducational leadership
_h[electronic resource] :
_bambiguity, professionals and managerialism /
_cEric Hoyle and Mike Wallace.
260 _aThousand Oaks, Calif. ;
_aLondon :
_bSAGE,
_c2005.
300 _axii, 212 p.
504 _aIncludes bibliographical references (p. 199-207) and index.
533 _aElectronic reproduction.
_bPalo Alto, Calif. :
_cebrary,
_d2009.
_nAvailable via World Wide Web.
_nAccess may be limited to ebrary affiliated libraries.
650 0 _aSchool management and organization.
650 0 _aEducational planning.
655 7 _aElectronic books.
_2local
700 1 _aWallace, Mike,
_d1950-
710 2 _aebrary, Inc.
856 4 0 _uhttp://site.ebrary.com/lib/rucke/Doc?id=10218015
_zAn electronic book accessible through the World Wide Web; click to view
999 _c231990
_d231990